LEADER 00911nam a2200217 i 4500 001 000000366863 003 CaOOAMICUS 005 20260316162440.0 008 260316s1936 it u000 u ita u 013 $a209445 040 $aSeMil$bita 100 1 $aVaudagnotti, Attilio.$0(OLS)http://semarc/name/47301 245 10$aBrevi cenni sulla vita, virtù e miracoli del beato Giuseppe Cafasso /$cA. Vaudagnotti. 260 $aTorino :$bLa Palatina,$c1936. 300 $a64 p. ;$c15 cm. 600 14$aCafasso, Giuseppe .$0(OLS)http://semarc/subject/2590 850 $aSeMil 852 $aSeMil$W1$xVenegono$y1$m5C IX 1/17$j268570$B257624$CSeMilBibl$Z2$F257624 $8M 996 $6245$aBrevi cenni sulla vita, virtù e miracoli del beato Giuseppe Cafasso$9(OLS)http://semarc/title/329371 996 $6260$aTorino :$bLa Palatina$9(OLS)http://semarc/publisher/50526